| 000 | 01039nas a2200325 4500 | ||
|---|---|---|---|
| 001 | BR8304066 | ||
| 003 | BR-BrBNA | ||
| 005 | 20231205085637.0 | ||
| 007 | ta | ||
| 008 | 230509b bl.|||p| |||| 00| 00por d | ||
| 040 |
_aBR-BrBNA _bpor _cBiblioteca Nacional de Agricultura |
||
| 041 | _a(Pt) | ||
| 072 | _aL34 | ||
| 100 | 1 | _aSales, A.M. | |
| 100 | 1 | _aLajolo, F.M. | |
| 100 | 1 | _aMenezes, T.J.B. de | |
| 100 | 1 | _aShirose, I. | |
| 245 | 1 | _aAproveitamento da biomassa de mandioca fermentada na alimentacao animal, 1: producao, composicao quimica e valor nutritivo do micelio Rhizopus sp. obtido por fermentacao submersa [racao] | |
| 650 | _aRACAO | ||
| 650 | _aMANDIOCA | ||
| 650 | _aFERMENTACAO | ||
| 650 | _aCOMPOSICAO QUIMICA | ||
| 650 | _aVALOR NUTRITIVO | ||
| 650 | _aMICELIO | ||
| 650 | _aFUNGO | ||
| 650 | _aBIOMASSA | ||
| 773 | 0 |
_tColetanea do Instituto de Tecnologia de Alimentos (Brazil) _xISSN 0100-350X _g(1983), v. 13 p. 59-74 _wBR8304066 |
|
| 909 |
_a202311 _bLúcia _c55 _dLúcia Elande |
||
| 942 |
_2AGRIS _n0 _cANA |
||
| 999 |
_c112752 _d112752 |
||